| 000 | 01368nam a2200325 i 4500 | ||
|---|---|---|---|
| 003 | EG-GICUC | ||
| 005 | 20260420155206.0 | ||
| 008 | 260420s1935 ua ||||frg||| 000 0 ara d | ||
| 040 |
_a EG-GICUC _bara _c EG-GICUC _d EG-GICUC _erda |
||
| 041 | 0 | _aara | |
| 082 | 0 | 4 |
_221 _a342.5222 _bم ص . م |
| 092 | 0 | 4 | _221 |
| 099 | _aLaw1 08 342.5222 م ص . م 1935 | ||
| 111 | 2 |
_aالحكومة المصرية. _eمؤلف. |
|
| 245 | 1 | 0 |
_aقانون الانتخاب : _bمرسوم بقانون رقم 148 لسنة 1935 / _cالحكومة المصرية. |
| 246 | 2 | 1 | _aLoi Electorale |
| 264 | 0 |
_aمصر : _bالحكومة المصرية، _c1935. |
|
| 264 | 3 |
_aالقاهرة : _bالمطبعة الأميرية ببولاق، _c1935. |
|
| 300 |
_a49 صفحة، صفحات غير مرقمة ؛ _c24 سم |
||
| 336 |
_2rda content _atext |
||
| 337 |
_2rda media _aComputer |
||
| 338 |
_2rda carrier _aOnline Resource |
||
| 500 | _aنشر بعدد الوقائع المصريه رقم 116 غير اعتيادي الصادر في 20 ديسمبر سنة 1935. | ||
| 546 | _aالنص موازٍ باللغتين العربية والفرنسية | ||
| 650 | 1 |
_aطريقة تشكيل البرلمانات / الانتخابات _2qrmak |
|
| 651 | 1 | _2qrmak | |
| 856 | 4 | 0 | _uhttps://fll.law.cu.edu.eg/fulltext/bks/B08-03903.pdf |
| 905 | _a62 | ||
| 942 |
_2ddc _n0 _cBK _e21 |
||
| 999 |
_c72299 _d72299 |
||